Personnalités politiques françaises n°3 - Statistiques

Statistiques générales
  • Ce quiz a été pris 4 170 fois
  • Le résultat moyen est 10 sur 20
Statistiques - réponses
Par images Réponse % Correct
Nicolas Sarkozy
98%
Anne Hidalgo
92%
Jean Lassalle
91%
Rachida Dati
90%
Nicolas Hulot
80%
Adrien Quatennens
69%
Bernard Cazeneuve
65%
Raquel Garrido
55%
Édouard Balladur
54%
Gilbert Collard
53%
Laurent Fabius
52%
Agnès Buzyn
48%
Michel Barnier
44%
Jean-Yves Le Drian
42%
Arlette Laguiller
38%
Michèle Alliot-Marie
29%
Hervé Morin
17%
Dominique Voynet
14%
Bruno Gollnisch
9%
Pierre Laurent
9%
Aucun quiz correspondant
Distribution des résultats
% des personnes avec chaque résultat
Percentile par nombre de réponses
Votre historique - résultats
Vous n’avez pas pris ce quiz